[Event "Nassau CC-ch"]
[Site "Nassau"]
[Date "2000.10.16"]
[Round "1"]
[White "Luchan, Jason"]
[Black "Caruana, Fabiano"]
[Result "1-0"]
[WhiteElo "2043"]
[BlackElo "1575"]
[PlyCount "123"]
[EventDate "2000.10.??"]
[EventType "swiss"]
[EventRounds "10"]
[EventCountry "USA"]
[SourceTitle "EXT 2003"]
[Source "ChessBase"]
[SourceDate "2002.11.25"]
[SourceVersion "1"]
[SourceVersionDate "2002.11.25"]
[SourceQuality "1"]

1. e4 e5 2. Nf3 Nc6 3. Bb5 a6 4. Ba4 d6 5. Bxc6+ bxc6 6. d4 exd4 7. Qxd4 Nf6 8.
O-O Be7 9. Nc3 c5 10. Qd3 O-O 11. e5 Nd7 12. exd6 cxd6 13. Bf4 Nf6 14. Rad1 Bb7
15. Bxd6 Bxf3 16. Bxe7 Qxe7 17. Qxf3 Rfe8 18. b3 Qe6 19. Rd3 Ng4 20. Qd1 f5 21.
Rd6 Qe5 22. Qd5+ Qxd5 23. Rxd5 Re5 24. Rfd1 Rae8 25. Rxe5 Rxe5 26. h3 Nf6 27.
Kf1 Kf7 28. Re1 Ke6 29. Rxe5+ Kxe5 30. Ke2 Kd4 31. Kd2 Ne4+ 32. Nxe4 Kxe4 33.
Kc3 Kd5 34. Kd3 h6 35. f4 g5 36. g3 g4 37. h4 h5 38. c3 a5 39. a3 Kd6 40. Kc4
Kc6 41. a4 Kd6 42. b4 cxb4 43. cxb4 Kc6 44. bxa5 Kb7 45. Kd5 Ka6 46. Ke5 Kxa5
47. Kxf5 Kxa4 48. Kg5 Kb4 49. f5 Kc4 50. f6 Kd4 51. f7 Ke4 52. f8=Q Ke3 53. Qd6
Kf3 54. Qd3+ Kg2 55. Kf4 Kh3 56. Kg5 Kg2 57. Kxh5 Kh3 58. Qe3 Kg2 59. Kxg4 Kf1
60. Qd2 Kg1 61. Kf3 Kf1 62. Qd1# 1-0

[Event "Nassau CC-ch"]
[Site "Nassau"]
[Date "2000.10.23"]
[Round "2"]
[White "Caruana, Fabiano"]
[Black "Capolongo, John J"]
[Result "1-0"]
[WhiteElo "1575"]
[BlackElo "1791"]
[PlyCount "59"]
[EventDate "2000.10.??"]
[EventType "swiss"]
[EventRounds "10"]
[EventCountry "USA"]
[SourceTitle "EXT 2003"]
[Source "ChessBase"]
[SourceDate "2002.11.25"]
[SourceVersion "1"]
[SourceVersionDate "2002.11.25"]
[SourceQuality "1"]

1. e4 e5 2. Nf3 Nc6 3. Bc4 Bc5 4. Nc3 Qe7 5. Nd5 Qd6 6. c3 Nf6 7. d4 exd4 8.
Bf4 Qf8 9. Nxc7+ Kd8 10. Nxa8 Nxe4 11. Nxd4 d6 12. O-O Bd7 13. Nb5 g5 14. Qf3
f5 15. Bg3 Nd2 16. Qd5 Nxc4 17. Qxc4 f4 18. Kh1 Ne5 19. Qb3 Bc6 20. Nac7 Bd7
21. Rad1 a6 22. Ne6+ Bxe6 23. Qxe6 axb5 24. Qxe5 Kc7 25. Qxg5 fxg3 26. fxg3 Qe8
27. Rde1 Qg6 28. Qe7+ Kb6 29. Rf7 Rb8 30. Qc7+ 1-0

[Event "Nassau CC-ch"]
[Site "Nassau"]
[Date "2000.10.30"]
[Round "3"]
[White "Caruana, Fabiano"]
[Black "Stenzel, Harold G"]
[Result "0-1"]
[WhiteElo "1575"]
[BlackElo "2035"]
[PlyCount "118"]
[EventDate "2000.10.??"]
[EventType "swiss"]
[EventRounds "10"]
[EventCountry "USA"]
[SourceTitle "EXT 2003"]
[Source "ChessBase"]
[SourceDate "2002.11.25"]
[SourceVersion "1"]
[SourceVersionDate "2002.11.25"]
[SourceQuality "1"]

1. e4 e6 2. d4 d5 3. Nc3 dxe4 4. Nxe4 Nc6 5. Nf3 b6 6. Bb5 Bb7 7. Ne5 Qd5 8.
Qf3 O-O-O 9. Bxc6 Bxc6 10. Nxc6 Qxc6 11. c3 Nf6 12. Ng5 Qxf3 13. Nxf3 Bd6 14.
Bg5 h6 15. Be3 Nd5 16. a3 Nf4 17. O-O g5 18. b4 Ne2+ 19. Kh1 Nxc3 20. Rac1 Nd5
21. Nd2 Nxe3 22. fxe3 f5 23. e4 Bf4 24. Nb3 Bxc1 25. Rxc1 f4 26. Rc6 Rd6 27.
Rc4 Kb7 28. a4 Rc6 29. Rxc6 Kxc6 30. Kg1 Kd6 31. Kf2 e5 32. d5 c6 33. dxc6 Kxc6
34. Kf3 h5 35. Nd2 Kd6 36. Ke2 g4 37. Nc4+ Ke6 38. Na3 Rc8 39. Nb5 Rc4 40. Nxa7
Rxe4+ 41. Kd3 Rxb4 42. Nc8 Kd7 43. Kc3 Kxc8 44. Kxb4 f3 45. a5 bxa5+ 46. Kc3
fxg2 47. Kc4 g1=Q 48. Kd5 Qd4+ 49. Ke6 e4 50. Kf7 Qd6 51. Kg7 Qe6 52. Kh8 Qe7
53. Kg8 a4 54. h3 g3 55. h4 a3 56. Kh8 g2 57. Kg8 a2 58. Kh8 a1=Q+ 59. Kg8
g1=Q# 0-1

[Event "Nassau CC-ch"]
[Site "Nassau"]
[Date "2000.11.13"]
[Round "5"]
[White "Pappaceno, Michael"]
[Black "Caruana, Fabiano"]
[Result "1-0"]
[WhiteElo "1918"]
[BlackElo "1575"]
[PlyCount "93"]
[EventDate "2000.10.??"]
[EventType "swiss"]
[EventRounds "10"]
[EventCountry "USA"]
[SourceTitle "EXT 2003"]
[Source "ChessBase"]
[SourceDate "2002.11.25"]
[SourceVersion "1"]
[SourceVersionDate "2002.11.25"]
[SourceQuality "1"]

1. d4 Nf6 2. Nf3 g6 3. c4 d5 4. Nc3 Bg7 5. Bg5 c6 6. cxd5 cxd5 7. Qb3 e6 8. e3
O-O 9. Bd3 Nc6 10. O-O Bd7 11. Rfc1 Rc8 12. Na4 Na5 13. Qd1 Bxa4 14. Qxa4 Qb6
15. Qb5 Qxb5 16. Bxb5 a6 17. Bd3 Ne4 18. Bxe4 dxe4 19. Nd2 f5 20. b4 Nc6 21. a3
h6 22. Bf4 e5 23. dxe5 g5 24. Bg3 Bxe5 25. Bxe5 Nxe5 26. Kf1 Rfd8 27. Nb3 Nd3
28. Rxc8 Rxc8 29. Nd4 f4 30. exf4 gxf4 31. Nf5 Rf8 32. Nxh6+ Kg7 33. Ng4 f3 34.
gxf3 Rxf3 35. Ra2 Kg6 36. Re2 Kf5 37. Ne3+ Kf4 38. Kg2 b6 39. Kg1 a5 40. bxa5
bxa5 41. Nc4 Ne5 42. Nxe5 Kxe5 43. Re3 Kf4 44. Rxf3+ exf3 45. h3 Kf5 46. Kh2
Kf4 47. a4 1-0

[Event "Nassau CC-ch"]
[Site "Nassau"]
[Date "2000.11.20"]
[Round "6"]
[White "Kahn, Richard"]
[Black "Caruana, Fabiano"]
[Result "1/2-1/2"]
[WhiteElo "1400"]
[BlackElo "1575"]
[PlyCount "104"]
[EventDate "2000.10.??"]
[EventType "swiss"]
[EventRounds "10"]
[EventCountry "USA"]
[SourceTitle "EXT 2003"]
[Source "ChessBase"]
[SourceDate "2002.11.25"]
[SourceVersion "1"]
[SourceVersionDate "2002.11.25"]
[SourceQuality "1"]

1. Nf3 c5 2. d3 g6 3. e4 Nc6 4. g3 d6 5. Bg2 Bg7 6. O-O Bg4 7. c3 Nf6 8. Nbd2
O-O 9. h3 Bd7 10. d4 e6 11. a3 b6 12. Re1 d5 13. e5 Ne8 14. Nb3 c4 15. Nbd2 b5
16. Nf1 a5 17. Bf4 b4 18. axb4 axb4 19. Qd2 bxc3 20. bxc3 Na5 21. Qe3 Nb3 22.
Rxa8 Qxa8 23. N3d2 Ba4 24. Nxc4 Nc7 25. Nb6 Qa5 26. Nxa4 Qxa4 27. Bh6 Nb5 28.
Bxg7 Kxg7 29. Nd2 Rc8 30. c4 dxc4 31. Nxb3 cxb3 32. d5 exd5 33. e6 f6 34. e7
Re8 35. Bxd5 Nd4 36. Rd1 b2 37. Rb1 Qa1 38. Be4 Nb5 39. Qd2 Rxe7 40. Qxb2 Qxb2
41. Rxb2 Rxe4 42. Rxb5 g5 43. Kg2 Kg6 44. Kf3 Re5 45. Rxe5 fxe5 46. Ke4 Kf6 47.
g4 Ke6 48. f3 h6 49. Ke3 Kd5 50. Kd3 Kd6 51. Kc3 Kd5 52. Kd3 Kd6 1/2-1/2

[Event "Nassau CC-ch"]
[Site "Nassau"]
[Date "2000.11.27"]
[Round "7"]
[White "Caruana, Fabiano"]
[Black "De Moore, Scott T"]
[Result "0-1"]
[WhiteElo "1575"]
[BlackElo "1706"]
[PlyCount "116"]
[EventDate "2000.10.??"]
[EventType "swiss"]
[EventRounds "10"]
[EventCountry "USA"]
[SourceTitle "EXT 2003"]
[Source "ChessBase"]
[SourceDate "2002.11.25"]
[SourceVersion "1"]
[SourceVersionDate "2002.11.25"]
[SourceQuality "1"]

1. e4 d6 2. d4 Nf6 3. Nc3 g6 4. Nf3 Bg4 5. Bc4 e6 6. Bg5 h6 7. Bh4 g5 8. Bg3
Bg7 9. O-O Nc6 10. Re1 O-O 11. d5 exd5 12. Bxd5 Nxd5 13. Nxd5 Ne5 14. Bxe5 Bxe5
15. h4 c6 16. Ne3 Be6 17. hxg5 hxg5 18. Nxe5 dxe5 19. Qf3 Kg7 20. Rad1 Qf6 21.
Qg3 Rad8 22. Nf5+ Bxf5 23. Rxd8 Rxd8 24. exf5 Qxf5 25. Qxe5+ Qxe5 26. Rxe5 Rd1+
27. Kh2 Kf6 28. Ra5 a6 29. Kg3 Kg6 30. Kf3 f5 31. c4 Rd2 32. b3 Kf6 33. a3 Rd3+
34. Ke2 Rxb3 35. Ra4 f4 36. Rb4 Rxb4 37. axb4 b6 38. Kd3 Ke5 39. f3 a5 40. bxa5
bxa5 41. Kc3 c5 42. Kb3 Kd4 43. Ka4 Kxc4 44. Kxa5 Kd3 45. Kb5 c4 46. Kc5 c3 47.
Kd5 c2 48. Ke5 c1=Q 49. Kf5 Ke3 50. Kxg5 Qg1 51. Kf5 Qxg2 52. Ke5 Qg5+ 53. Ke6
Kd4 54. Kd6 Qd5+ 55. Ke7 Ke5 56. Kf8 Qb7 57. Kg8 Kf6 58. Kh8 Qg7# 0-1

[Event "Nassau CC-ch"]
[Site "Nassau"]
[Date "2000.12.11"]
[Round "9"]
[White "Zardus, David L"]
[Black "Caruana, Fabiano"]
[Result "1/2-1/2"]
[WhiteElo "1816"]
[BlackElo "1575"]
[PlyCount "108"]
[EventDate "2000.10.??"]
[EventType "swiss"]
[EventRounds "10"]
[EventCountry "USA"]
[SourceTitle "EXT 2003"]
[Source "ChessBase"]
[SourceDate "2002.11.25"]
[SourceVersion "1"]
[SourceVersionDate "2002.11.25"]
[SourceQuality "1"]

1. Nf3 b6 2. g3 Bb7 3. Bg2 e6 4. O-O Nf6 5. d3 d5 6. Nbd2 Nbd7 7. Re1 Be7 8. c4
c5 9. cxd5 exd5 10. e4 O-O 11. e5 Ne8 12. Nf1 d4 13. N1d2 Qc7 14. e6 fxe6 15.
Rxe6 Ndf6 16. Qe2 Nd5 17. Ne4 Bc8 18. Neg5 Bxg5 19. Nxg5 Bb7 20. Nxh7 Kxh7 21.
Qh5+ Kg8 22. Bxd5 Bxd5 23. Qxd5 Qf7 24. Bf4 Rd8 25. Qe5 Nf6 26. Re7 Qg6 27. Qg5
Qxg5 28. Bxg5 a5 29. Bxf6 Rxf6 30. Rae1 b5 31. Re8+ Rf8 32. Rxf8+ Kxf8 33. b3
Kf7 34. f4 Kf6 35. Kf2 Rc8 36. Ke2 c4 37. dxc4 bxc4 38. bxc4 Rxc4 39. Rd1 Kf5
40. h3 Ke4 41. Kd2 Rc3 42. Re1+ Kf3 43. f5 Kxg3 44. Rg1+ Kxh3 45. Rxg7 Rf3 46.
Rb7 Rxf5 47. Kd3 Rd5 48. Rb3 Kg4 49. Ke4 Rd7 50. Rd3 Rb7 51. Rxd4 Rb2 52. a4
Ra2 53. Kd3+ Kf3 54. Kc3 Ra3+ 1/2-1/2

[Event "Nassau CC-ch"]
[Site "Nassau"]
[Date "2000.12.18"]
[Round "10"]
[White "Caruana, Fabiano"]
[Black "Murphy, Thomas D"]
[Result "1-0"]
[WhiteElo "1575"]
[BlackElo "1635"]
[PlyCount "75"]
[EventDate "2000.10.??"]
[EventType "swiss"]
[EventRounds "10"]
[EventCountry "USA"]
[SourceTitle "EXT 2003"]
[Source "ChessBase"]
[SourceDate "2002.11.25"]
[SourceVersion "1"]
[SourceVersionDate "2002.11.25"]
[SourceQuality "1"]

1. e4 d6 2. d4 Nf6 3. Nc3 g6 4. Nf3 Bg7 5. Bc4 O-O 6. O-O c6 7. e5 Ne8 8. Re1
d5 9. Bb3 Kh8 10. Ne2 f6 11. Nf4 fxe5 12. Nxe5 Nc7 13. Nexg6+ hxg6 14. Nxg6+
Kg8 15. Nxe7+ Qxe7 16. Rxe7 Ne6 17. Qg4 Rf7 18. Re8+ Rf8 19. Rxc8 Kf7 20. Rxf8+
Nxf8 21. Qf5+ Kg8 22. Qc8 Nbd7 23. Qxa8 Bxd4 24. Qxb7 Ne5 25. Bxd5+ cxd5 26.
Qxd5+ Nf7 27. Qxd4 a5 28. c4 a4 29. c5 Ne6 30. Qg4+ Ng7 31. c6 Ne5 32. Qxa4 Ne8
33. Bf4 Nf7 34. Qa8 Kg7 35. Qxe8 Kf6 36. c7 Kg7 37. c8=Q Nd6 38. Qg4+ 1-0

[Event "Windsor Bradley op 7th"]
[Site "Windsor Locks"]
[Date "2002.07.19"]
[Round "1"]
[White "Caruana, Fabiano"]
[Black "Castaneda, Nelson"]
[Result "1/2-1/2"]
[WhiteElo "2024"]
[BlackElo "2306"]
[PlyCount "31"]
[EventDate "2002.07.??"]
[EventType "swiss"]
[EventRounds "5"]
[EventCountry "USA"]
[SourceTitle "EXT 2005"]
[Source "ChessBase"]
[SourceDate "2004.11.15"]
[SourceVersion "1"]
[SourceVersionDate "2004.11.15"]
[SourceQuality "1"]

1. e4 c5 2. Nf3 Nc6 3. Nc3 d6 4. Bb5 Bd7 5. Bxc6 Bxc6 6. d4 Nf6 7. d5 Bd7 8. e5
dxe5 9. Nxe5 Bc8 10. O-O e6 11. dxe6 Bxe6 12. Qe2 Bd6 13. Rd1 Qe7 14. Qb5+ Kf8
15. Bf4 Rd8 16. Qd3 1/2-1/2

[Event "New York State-ch 124th"]
[Site "Kerhonkson"]
[Date "2002.09.01"]
[Round "3"]
[White "Dolgitser, Konstantin"]
[Black "Caruana, Fabiano"]
[Result "1-0"]
[WhiteElo "2262"]
[BlackElo "2040"]
[PlyCount "97"]
[EventDate "2002.08.31"]
[EventType "swiss"]
[EventRounds "6"]
[EventCountry "USA"]
[SourceTitle "CBM 090 Extra"]
[Source "ChessBase"]
[SourceDate "2002.11.07"]
[SourceVersion "1"]
[SourceVersionDate "2002.11.07"]
[SourceQuality "1"]

1. Nf3 Nf6 2. c4 g6 3. d4 Bg7 4. Nc3 d5 5. cxd5 Nxd5 6. e4 Nxc3 7. bxc3 c5 8.
Be3 O-O 9. Rc1 cxd4 10. cxd4 Bg4 11. Be2 Qa5+ 12. Qd2 Qxd2+ 13. Nxd2 Bxe2 14.
Kxe2 Na6 15. Rc2 Rfd8 16. Nb3 Kf8 17. Rhc1 Ke8 18. a4 Rd6 19. Rc4 Kd7 20. d5 b6
21. Bf4 e5 22. Be3 Rb8 23. a5 Rb7 24. axb6 axb6 25. Nd2 f5 26. f3 f4 27. Bf2 b5
28. Rc6 Rc7 29. Rxc7+ Nxc7 30. Ra1 Ra6 31. Nb3 Rxa1 32. Nxa1 Bf8 33. Kd3 Na6
34. Nc2 Nb4+ 35. Nxb4 Bxb4 36. Bb6 Be7 37. Kc3 Bf8 38. Ba5 Be7 39. Kb3 Bd6 40.
Bb4 Bc7 41. Ba3 Kc8 42. d6 Bb8 43. Bc5 Kd7 44. Kb4 Kc6 45. g3 g5 46. g4 h5 47.
gxh5 g4 48. d7 Kxd7 49. h6 1-0

[Event "New York State-ch 124th"]
[Site "Kerhonkson"]
[Date "2002.09.02"]
[Round "5"]
[White "Caruana, Fabiano"]
[Black "Kwartler, Lonnie"]
[Result "0-1"]
[WhiteElo "2040"]
[BlackElo "2253"]
[PlyCount "92"]
[EventDate "2002.08.31"]
[EventType "swiss"]
[EventRounds "6"]
[EventCountry "USA"]
[SourceTitle "CBM 090 Extra"]
[Source "ChessBase"]
[SourceDate "2002.11.07"]
[SourceVersion "1"]
[SourceVersionDate "2002.11.07"]
[SourceQuality "1"]

1. e4 c6 2. Nc3 d5 3. Nf3 Bg4 4. exd5 cxd5 5. h3 Bxf3 6. Qxf3 Nf6 7. d4 e6 8.
Bg5 Be7 9. Bb5+ Nc6 10. O-O O-O 11. Ne2 Qb6 12. Bxc6 bxc6 13. Rab1 Rab8 14. c3
Qa6 15. b4 Rb7 16. Rb2 Qa3 17. Rc2 a5 18. bxa5 Qxa5 19. Bxf6 Bxf6 20. Nf4 c5
21. dxc5 Qxc5 22. c4 Rc7 23. Nd3 Qa7 24. c5 Rfc8 25. Qe3 Qa5 26. Rfc1 h6 27.
Kh1 e5 28. f4 e4 29. Ne5 Be7 30. c6 f6 31. Ng6 Ba3 32. f5 Re8 33. Qd2 Qb5 34.
Nf4 Bxc1 35. Qxc1 Rec8 36. Qd2 Rxc6 37. Rxc6 Qxc6 38. Qxd5+ Qxd5 39. Nxd5 Rc5
40. Ne3 Rc3 41. Nd5 Rd3 42. Nf4 Rd2 43. a4 e3 44. Kg1 Rd1+ 45. Kh2 Rd4 46. Ne2
Rd2 0-1

[Event "New York Masters 30th"]
[Site "New York"]
[Date "2002.10.22"]
[Round "1"]
[White "Caruana, Fabiano"]
[Black "Eisen, Lewis"]
[Result "1/2-1/2"]
[WhiteElo "2040"]
[BlackElo "2257"]
[PlyCount "115"]
[EventDate "2002.10.22"]
[EventType "swiss (rapid)"]
[EventRounds "4"]
[EventCountry "USA"]
[SourceTitle "EXT 2003"]
[Source "ChessBase"]
[SourceDate "2002.11.25"]
[SourceVersion "1"]
[SourceVersionDate "2002.11.25"]
[SourceQuality "1"]

1. e4 c5 2. Nf3 e6 3. Nc3 a6 4. d4 cxd4 5. Nxd4 Nc6 6. Be3 Nge7 7. a4 Nxd4 8.
Bxd4 Nc6 9. Bc4 Qg5 10. O-O Nxd4 11. Qxd4 Bc5 12. Qd3 O-O 13. Rad1 d6 14. Kh1
e5 15. Nd5 Be6 16. b4 Ba7 17. Bb3 Rac8 18. f4 exf4 19. Rxf4 Rfe8 20. Rdf1 Qe5
21. Qf3 Kh8 22. Rh4 Qg5 23. Rh5 Qg4 24. Qxg4 Bxg4 25. Rh4 Be6 26. h3 f6 27. Kh2
b5 28. axb5 axb5 29. Ra1 Bf2 30. Rf4 Bd4 31. Ra6 Bxd5 32. exd5 Be5 33. g3 Bxf4
34. gxf4 Red8 35. Rb6 Rb8 36. Rc6 Rbc8 37. Kg3 Rxc6 38. dxc6 d5 39. Kf2 d4 40.
Kf3 d3 41. c3 Rd6 42. Ke3 Rxc6 43. Kxd3 g5 44. fxg5 fxg5 45. Bd5 Rc7 46. c4
bxc4+ 47. Bxc4 Kg7 48. b5 Kf6 49. Kd4 h5 50. Kd5 g4 51. hxg4 hxg4 52. b6 Rd7+
53. Kc6 Rd4 54. Be2 Re4 55. b7 Re6+ 56. Kc7 Re7+ 57. Kc8 Rxb7 58. Kxb7 1/2-1/2

[Event "Budapest FS02 IM-A"]
[Site "Budapest"]
[Date "2003.02.01"]
[Round "1"]
[White "Caruana, Fabiano"]
[Black "Kun, Gabor"]
[Result "1-0"]
[WhiteElo "2134"]
[BlackElo "2359"]
[PlyCount "73"]
[EventDate "2003.02.01"]
[EventType "tourn"]
[EventRounds "11"]
[EventCountry "HUN"]
[EventCategory "1"]
[SourceTitle "CBM 092 Extra"]
[Source "ChessBase"]
[SourceDate "2003.03.07"]
[SourceVersion "1"]
[SourceVersionDate "2003.03.07"]
[SourceQuality "1"]

1. e4 e6 2. d4 d5 3. Nc3 Nf6 4. Bg5 Bb4 5. e5 h6 6. Bd2 Bxc3 7. bxc3 Ne4 8. Qg4
g6 9. Bd3 Nxd2 10. Kxd2 c5 11. Nh3 Nc6 12. Bb5 cxd4 13. Bxc6+ bxc6 14. cxd4 c5
15. Rhb1 Qa5+ 16. c3 cxd4 17. Qxd4 O-O 18. Nf4 Ba6 19. Rb4 Rab8 20. Ra4 Rb2+
21. Kc1 Qb5 22. Rxa6 Rb8 23. Nd3 Re2 24. Ra4 a5 25. Ra3 Qa6 26. f3 Rxg2 27. Rb3
Rc8 28. Rab1 Rc4 29. Qe3 Qc6 30. Nf4 d4 31. Qd3 Rg1+ 32. Kc2 Rxb1 33. Kxb1 dxc3
34. Nxg6 Qc5 35. Qd8+ Kh7 36. Nf8+ Kg7 37. Nxe6+ 1-0

[Event "Budapest FS02 IM-A"]
[Site "Budapest"]
[Date "2003.02.02"]
[Round "2"]
[White "Eperjesi, Laszlo"]
[Black "Caruana, Fabiano"]
[Result "1/2-1/2"]
[WhiteElo "2271"]
[BlackElo "2134"]
[PlyCount "51"]
[EventDate "2003.02.01"]
[EventType "tourn"]
[EventRounds "11"]
[EventCountry "HUN"]
[EventCategory "1"]
[SourceTitle "CBM 092 Extra"]
[Source "ChessBase"]
[SourceDate "2003.03.07"]
[SourceVersion "1"]
[SourceVersionDate "2003.03.07"]
[SourceQuality "1"]

1. d4 Nf6 2. Nf3 g6 3. c4 Bg7 4. Nc3 d5 5. cxd5 Nxd5 6. e4 Nxc3 7. bxc3 c5 8.
Bb5+ Nc6 9. O-O O-O 10. Be3 cxd4 11. cxd4 Bg4 12. Bxc6 bxc6 13. Rc1 Qa5 14. Qd2
Qxd2 15. Nxd2 Rfd8 16. Nb3 a5 17. Rxc6 a4 18. Nc5 Be2 19. Re1 Bxd4 20. Ne6 fxe6
21. Rxe2 Bxe3 22. fxe3 Rd1+ 23. Kf2 Kf7 24. Kg3 Rd6 25. Rec2 Rb8 26. R6c4
1/2-1/2

[Event "Budapest FS02 IM-A"]
[Site "Budapest"]
[Date "2003.02.03"]
[Round "3"]
[White "Caruana, Fabiano"]
[Black "Schneider, Attila"]
[Result "1/2-1/2"]
[WhiteElo "2134"]
[BlackElo "2302"]
[PlyCount "151"]
[EventDate "2003.02.01"]
[EventType "tourn"]
[EventRounds "11"]
[EventCountry "HUN"]
[EventCategory "1"]
[SourceTitle "CBM 092 Extra"]
[Source "ChessBase"]
[SourceDate "2003.03.07"]
[SourceVersion "1"]
[SourceVersionDate "2003.03.07"]
[SourceQuality "1"]

1. e4 c5 2. Nf3 d6 3. d4 cxd4 4. Qxd4 a6 5. c4 Nc6 6. Qd2 g6 7. b3 Nf6 8. Nc3
Bg7 9. Bb2 Qa5 10. Nd5 Qxd2+ 11. Nxd2 O-O 12. Nxf6+ exf6 13. Be2 f5 14. Bxg7
Kxg7 15. O-O Re8 16. Bd3 Nb4 17. Bb1 fxe4 18. Bxe4 d5 19. cxd5 Bf5 20. Bxf5
gxf5 21. Nc4 Rad8 22. Rfd1 Nxd5 23. Rd2 Nc3 24. Nd6 Kg6 25. a4 Re6 26. Nc4 Rxd2
27. Nxd2 Re2 28. Nc4 b5 29. axb5 axb5 30. Na5 Rb2 31. Re1 Ne2+ 32. Kf1 Nd4 33.
Re3 Ra2 34. Nb7 Ra1+ 35. Re1 Ra3 36. Rb1 Nxb3 37. Ke2 Nd4+ 38. Kd2 f4 39. Nd6
Ra2+ 40. Kd3 Ne6 41. Ne4 f5 42. Nd2 Nc5+ 43. Kc3 Ne4+ 44. Nxe4 fxe4 45. Kd4
Rxf2 46. Kxe4 Rxg2 47. Kxf4 Rg5 48. Rc1 Rh5 49. Rc6+ Kf7 50. Rb6 Rc5 51. Rb7+
Kg6 52. Rb6+ Kh5 53. Rb7 h6 54. Rb6 Rc4+ 55. Kf3 Rb4 56. Ke3 Rb2 57. Kf3 b4 58.
Kg3 Rb3+ 59. Kf4 Rb1 60. Kg3 b3 61. Rb5+ Kg6 62. Kh4 Kf6 63. Kh5 Ke6 64. Kxh6
Kd6 65. h4 Kc6 66. Rb8 Kc5 67. h5 Kc4 68. Kh7 Rg1 69. h6 Rg5 70. Kh8 Rb5 71.
Rxb5 Kxb5 72. h7 b2 73. Kg8 b1=Q 74. h8=Q Qg6+ 75. Qg7 Qxg7+ 76. Kxg7 1/2-1/2

[Event "Budapest FS02 IM-A"]
[Site "Budapest"]
[Date "2003.02.04"]
[Round "4"]
[White "Hardicsay, Peter"]
[Black "Caruana, Fabiano"]
[Result "1/2-1/2"]
[WhiteElo "2309"]
[BlackElo "2134"]
[PlyCount "96"]
[EventDate "2003.02.01"]
[EventType "tourn"]
[EventRounds "11"]
[EventCountry "HUN"]
[EventCategory "1"]
[SourceTitle "CBM 092 Extra"]
[Source "ChessBase"]
[SourceDate "2003.03.07"]
[SourceVersion "1"]
[SourceVersionDate "2003.03.07"]
[SourceQuality "1"]

1. c4 e5 2. Nc3 Nf6 3. Nf3 Nc6 4. g3 d5 5. cxd5 Nxd5 6. Bg2 Nb6 7. O-O Be7 8.
a3 O-O 9. b4 Re8 10. d3 Bf8 11. Bb2 a5 12. b5 Nd4 13. Nd2 c6 14. bxc6 Nxc6 15.
Rb1 Be6 16. Re1 a4 17. Nb5 Qd7 18. Ba1 Na5 19. Nc4 Naxc4 20. dxc4 Rad8 21. Qxd7
Rxd7 22. Nc3 Nxc4 23. Nxa4 Nxa3 24. Rxb7 Nc2 25. Rf1 Rxb7 26. Bxb7 Bg4 27. f3
Bd7 28. Nc3 Bc5+ 29. Kh1 Bd4 30. e3 Nxe3 31. Rc1 Rb8 32. Be4 f5 33. Bd3 Bc6 34.
Be2 g5 35. h3 h5 36. Kh2 Kf7 37. Nd1 Bxa1 38. Rxc6 Nxd1 39. Bxd1 Rb2+ 40. Bc2
Ke7 41. Kg1 Kd7 42. Rc4 Ke6 43. Kf1 Kd5 44. Rc8 f4 45. g4 hxg4 46. hxg4 Kd4 47.
Rd8+ Kc3 48. Be4 Rh2 1/2-1/2

[Event "Budapest FS02 IM-A"]
[Site "Budapest"]
[Date "2003.02.05"]
[Round "5"]
[White "Caruana, Fabiano"]
[Black "Boros, Denes"]
[Result "0-1"]
[WhiteElo "2134"]
[BlackElo "2289"]
[PlyCount "85"]
[EventDate "2003.02.01"]
[EventType "tourn"]
[EventRounds "11"]
[EventCountry "HUN"]
[EventCategory "1"]
[SourceTitle "CBM 092 Extra"]
[Source "ChessBase"]
[SourceDate "2003.03.07"]
[SourceVersion "1"]
[SourceVersionDate "2003.03.07"]
[SourceQuality "1"]

1. e4 c5 2. Nf3 d6 3. d4 cxd4 4. Nxd4 Nf6 5. Nc3 Nc6 6. Be2 g6 7. Nb3 Bg7 8.
O-O O-O 9. Re1 Be6 10. Bf1 Rc8 11. Bg5 Ne5 12. Nd5 Bxd5 13. exd5 Qd7 14. c3
Rfe8 15. Be3 a6 16. Bd4 Nc4 17. Bxc4 Rxc4 18. Nd2 Rcc8 19. Ne4 Qf5 20. Nxf6+
Bxf6 21. Bxf6 Qxf6 22. a4 Qf5 23. Qb3 Qd7 24. Re4 Rc5 25. Rae1 b5 26. axb5 axb5
27. Rd1 Ra8 28. c4 bxc4 29. Rxc4 Rxd5 30. Rc8+ Qxc8 31. Qxd5 Rb8 32. Qd4 Qc2
33. Re1 Qxb2 34. Qh4 e6 35. Qe7 Qd2 36. Kf1 Qd3+ 37. Kg1 Rb1 38. Qd8+ Kg7 39.
Qa5 Qe4 40. Qc3+ e5 41. Kf1 Qxe1+ 42. Qxe1 Rxe1+ 43. Kxe1 0-1

[Event "Budapest FS02 IM-A"]
[Site "Budapest"]
[Date "2003.02.08"]
[Round "8"]
[White "Brustkern, Juergen"]
[Black "Caruana, Fabiano"]
[Result "1-0"]
[WhiteElo "2331"]
[BlackElo "2134"]
[PlyCount "95"]
[EventDate "2003.02.01"]
[EventType "tourn"]
[EventRounds "11"]
[EventCountry "HUN"]
[EventCategory "1"]
[SourceTitle "CBM 092 Extra"]
[Source "ChessBase"]
[SourceDate "2003.03.07"]
[SourceVersion "1"]
[SourceVersionDate "2003.03.07"]
[SourceQuality "1"]

1. Nf3 Nf6 2. g3 g6 3. Bg2 Bg7 4. O-O O-O 5. d3 d6 6. c4 Nbd7 7. Nc3 c6 8. e4
d5 9. cxd5 cxd5 10. e5 Ne8 11. d4 Nb6 12. a4 Bg4 13. h3 Bxf3 14. Bxf3 e6 15.
Bg2 Rc8 16. h4 Nc4 17. Ne2 f6 18. b3 Na5 19. Nf4 Qb6 20. Rb1 fxe5 21. dxe5 Kh8
22. Be3 Qc6 23. h5 Bxe5 24. Bd4 Bxd4 25. Qxd4+ Rf6 26. hxg6 Qc3 27. Nxe6 Qxd4
28. Nxd4 hxg6 29. Rbc1 Rxc1 30. Rxc1 Nc6 31. Re1 Nd6 32. Nb5 a6 33. Nc3 d4 34.
Nd5 Rf7 35. Nf4 Rf6 36. Nd3 Nf5 37. Nc5 b5 38. axb5 axb5 39. Bf1 Nd6 40. Nd3
Kg7 41. Bg2 Nf5 42. Rc1 Nfe7 43. Rc5 Rf5 44. Rxc6 Nxc6 45. Bxc6 Kf6 46. g4 Rg5
47. f3 Ke6 48. b4 1-0

[Event "Chicago op 12th"]
[Site "Chicago"]
[Date "2003.05.25"]
[Round "5"]
[White "Caruana, Fabiano"]
[Black "Nagle, Sean"]
[Result "0-1"]
[WhiteElo "2165"]
[BlackElo "2364"]
[PlyCount "40"]
[EventDate "2003.05.23"]
[EventType "swiss"]
[EventRounds "7"]
[EventCountry "USA"]
[SourceTitle "CBM 094 Extra"]
[Source "ChessBase"]
[SourceDate "2003.07.09"]
[SourceVersion "2"]
[SourceVersionDate "2003.07.09"]
[SourceQuality "1"]

1. e4 d5 2. exd5 Qxd5 3. Nc3 Qa5 4. Nf3 Nf6 5. d4 c6 6. Bd2 Bf5 7. Bc4 e6 8.
O-O Bb4 9. Re1 O-O 10. Re5 Qc7 11. Nh4 Ng4 12. Nxf5 exf5 13. Rxf5 Qxh2+ 14. Kf1
Qh1+ 15. Ke2 Qxg2 16. Be3 Nd7 17. Qh1 Nxe3 18. Kxe3 Rae8+ 19. Kd2 Qg4 20. Qf3
Qxd4+ 0-1